000 01517nam0a2200349 i 4500
001 RU\NLR\bibl\2018006
005 20260607072126.0
010 _a9785235035928
_95000
021 _aRU
_b2013-19031
_91332
035 _a(NLR Aleph) 002006369
090 _a4427955
_c4427955
100 _a20130330d2013 u y0rusy50 ca
101 0 _arus
102 _aRU
105 _aa |||||||||
200 1 _aДмитрий Лихачев
_fВалерий Попов
210 _aМосква
_cМолодая гвардия
_d2013
215 _a267, [2] с., [16] л. ил., портр.
_cил.
_d21
225 1 _aЖизнь замечательных людей
_eсерия биографий
_fОснована в 1890 году Ф. Павленковым и продолжена в 1933 году М. Горьким
_vВып. 1604 (1404)
320 _aБиблиогр.: с. 265-268
600 1 _aЛихачев
_bД. С.
_f1906 - 1999
_gДмитрий Сергеевич
_91494902
_3RU\NLR\auth\66645307
686 2 _aШ4(г)7дЛихачев
700 1 _4070
_7ca
_8rus
_aПопов
_bВ. Г.
_cписатель
_f1939-
_gВалерий Георгиевич
_9116481
_3RU\NLR\auth\776529
702 1 _4570
_8rus
_7ca
_aЛихачев
_bД. С.
_f1906-1999
_gДмитрий Сергеевич
_3RU\NLR\auth\771396
_9111422
801 0 _aRU
_bNLR
_c20130330
_gRCR
801 1 _aRU
_bNLR
_c20130330
830 _aавт. по кн.
942 _cBOOK
980 _aNBR